[Event "Biel GM"]
[Site "Biel"]
[Date "2007.07.24"]
[Round "2"]
[White "Onischuk, Alexander"]
[Black "Grischuk, Alexander"]
[Result "1-0"]
[WhiteElo "2650"]
[BlackElo "2726"]
[Annotator "Onischuk,A"]
[PlyCount "71"]
[EventDate "2007.07.23"]
[EventType "tourn"]
[EventRounds "9"]
[EventCountry "SUI"]
[EventCategory "18"]
[SourceTitle "CBM 120"]
[Source "ChessBase"]
[SourceDate "2007.10.02"]
[SourceVersion "1"]
[SourceVersionDate "2007.10.02"]
[SourceQuality "1"]

1. d4 d5 2. c4 c6 3. Nc3 Nf6 4. Nf3 dxc4 5. a4 Bf5 6. Ne5 {Before this game I
had always played 6.e3 in this position. Vor dieser Partie hatte ich in dieser
Stellung immer 6.e3 gespielt.} e6 {This move used to be very popular in the
pre-computer era. Dieser Zug war früher in der Präcomputerära sehr populär.} ({
I expected Ich erwartete.} 6... Nbd7 7. Nxc4 Qc7 8. g3 e5) 7. f3 Bb4 ({The
move Der Zug} 7... c5 {became popular after the Topalov-Kramnik match. wurde
nach dem Topalov-Kramnik-Match populär.}) 8. e4 Bxe4 9. fxe4 Nxe4 10. Bd2 Qxd4
11. Nxe4 Qxe4+ 12. Qe2 Bxd2+ 13. Kxd2 Qd5+ 14. Kc2 Na6 15. Nxc4 O-O 16. Qe5
Rab8 17. a5 f6 18. Qxd5 cxd5 {Nowadays all these moves are considered to be
almost forced. Heutzutage gelten all diese Züge als nahezu forciert.} 19. Ne3 (
19. Nd2 {is another possibility. Vescovi won a very good game against Gelfand
after Nd2. ist eine weitere Möglichkeit. Vescovi gewann damit eine sehr gute
Partie gegen Gelfand.}) 19... Rfc8+ ({This move is better than Dieser Zug ist
besser als} 19... Rbc8+ {which Khalifman played against Anand in New Delhi,
2000. Black might need a rook on the b-file if White plays a6. It also
protects the b-pawn which can be important in some lines. , was Khalifman im
Jahr 2000 in New Delhi gegen Anand spielte. Schwarz könnte einen Turm auf der
b-Linie brauchen, falls Weiß a6 spielt. Außerdem bleibt der b-Bauer gedeckt,
was in einigen Abspielen wichtig sein kann.}) 20. Kb1 Nc5 21. Ra3 f5 22. Be2
Ne4 23. Rd1 Rc5 24. Nc2 Kf7 25. Nd4 {So far we have not invented anything new.
I was repeating Anand's moves from his game against Khalifman and Alexander
Grischuk was making the most logical moves. Bislang haben wir noch nichts
Neues erfunden. Ich wiederholte lediglich die Züge Anands aus seiner Partie
gegen Khalifman, und Alexander Grischuk machte einfach die logischsten Züge.}
Kf6 {After the game Alexander suggested that maybe this move was not correct
and he proposed Nach der Partie argwöhnte Alexander, dass dieser Zug
vielleicht nicht korrekt war, und schlug stattdessen} (25... Nd6 $5 {vor.}) 26.
Rb3 {Threatening a6. Of course Black can never take on a5 because of Nc6.
Droht a6. Natürlich kann Schwarz nie auf a5 nehmen wegen Nc6.} Nd6 $2 {In this
position this move is a big mistake In dieser Stellung ist dieser Zug ein
schwerer Fehler.} ({After the strongest Nach der stärksten Fortsetzung} 26...
e5 {White should play sollte Weiß} 27. Nb5 a6 28. Nc3 {spielen} ({during the
game I was calculating während der Partie berechnete ich} 28. Na7 Nd6 29. Rb6
Ke6 30. b4 {but I missed , übersah aber} Rc7 $1 31. Bxa6 bxa6 32. Rxb8 Rxa7 33.
Rb6 e4 34. Rc1 Ke5 $17) 28... Nxc3+ {with an equal position mit gleicher
Stellung.} 29. bxc3 (29. Rxc3 Rxa5 30. b4 Ra4 31. Rxd5 Rxb4+ 32. Kc2) 29...
Rxa5 30. Rb6+ Ke7 31. Rd2 $5 $11) 27. g4 $1 {After this strong move Black
cannot keep his centre pawns together. Nach diesem starken Zug kann Schwarz
seine Zentrumsbauern nicht zusammenhalten.} f4 {Still trying to hold the
center, but after this all my pieces get very active and the extra piece in
the attack becomes a decisive factor. Versucht noch immer, das Zentrum zu
halten, aber danach werden alle meine Steine sehr aktiv, und die Mehrfigur im
Angriff wird zum entscheidenden Faktor.} ({Relatively better was Relativ
besser war} 27... Re8 28. gxf5 exf5 29. Rh3 Rxa5 30. Rxh7 {with the better
position for White. mit besserer Stellung für Weiß.}) 28. g5+ Ke7 29. Rh3 Rh8
30. Bg4 e5 31. Ne6 Rxa5 32. Nxg7 Ne4 ({In the event of Im Fall von} 32... Kf7 {
the simplest would be geschähe am einfachsten} 33. Rh6 Kxg7 34. Rxd6 {with a
winning position. mit Gewinnstellung.}) 33. Nf5+ Kd8 34. g6 Nf6 (34... Nf2 {
is losing immediately: verliert sofort:} 35. Rxh7 Rg8 36. Nd6 Nxg4 37. Rc1 $18)
35. g7 Re8 (35... Rg8 36. Bh5 $18) 36. Bh5 1-0

[Event "Biel GM"]
[Site "Biel"]
[Date "2007.07.28"]
[Round "5"]
[White "Van Wely, Loek"]
[Black "Grischuk, Alexander"]
[Result "1/2-1/2"]
[WhiteElo "2680"]
[BlackElo "2726"]
[Annotator "Krasenkow,M"]
[PlyCount "76"]
[EventDate "2007.07.23"]
[EventType "tourn"]
[EventRounds "9"]
[EventCountry "SUI"]
[EventCategory "18"]
[SourceTitle "CBM 120"]
[Source "ChessBase"]
[SourceDate "2007.10.02"]
[SourceVersion "1"]
[SourceVersionDate "2007.10.02"]
[SourceQuality "1"]

1. d4 Nf6 2. c4 e6 3. Nc3 Bb4 4. Qc2 O-O 5. a3 Bxc3+ 6. Qxc3 b6 7. Bg5 Bb7 8.
f3 h6 9. Bh4 d5 10. cxd5 exd5 11. e3 Re8 12. Bb5 c6 13. Ba4 {This line (quite
harmless for Black) was examined in CBM 49 (Timman-Hracek) and CBM 52 
(Seirawan-Topalov).} Ne4 $6 {This leads to simplifications and equality. Black
has several other good options, after which it is not easy for White to hold
his ground:} (13... Nbd7 14. Ne2 Qe7 $1 (14... Ba6 $143 15. Qd2 Bxe2 16. Qxe2
b5 17. Bc2 c5 18. Rd1 Qa5+ 19. Kf2 c4 20. Rhe1 b4 21. axb4 Qxb4 22. Ra1 a5 23.
Ra4 Qb5 24. Rea1 Nb6 25. Bxf6 gxf6 26. R4a2 a4 27. f4 $16 {1-0 Kalesis,
N-Mastrovasilis,A/Athens 2006/CBM 114 ext (57)}) 15. Bf2 Ba6 $1 (15... b5 16.
Bc2 c5 17. dxc5 Nxc5 18. O-O Rac8 19. Qd2 Nfd7 20. Nd4 a6 21. Rfe1 Ne5 22. b3
$14 {1-0 Sjoberg,M-Hultin,J/Gothenburg 1997/CBM 057 (43)}) 16. b4 Bxe2 $5 (
16... Rec8 17. Qb2 Bc4 $1 18. Bb3 b5 19. Bxc4 bxc4 20. O-O a5 21. Nc3 Rcb8 22.
Rab1 axb4 23. axb4 Rb7 24. Rfe1 Qf8 $1 25. e4 Rab8 26. b5 dxe4 27. fxe4 cxb5
28. Qb4 $13 {1/2-1/2 Seirawan,Y-Topalov,V/Amsterdam 1996/Inf 66/[Seirawan,Y] 
(42)}) 17. Kxe2 b5 18. Bb3 Nb6 $5 (18... Qd6 19. Bg3 Qe6 20. e4 Nb6 21. e5 Nh5
22. Kf2 Nc4 23. a4 f6 24. Rhe1 Nxg3 25. hxg3 fxe5 26. axb5 cxb5 27. dxe5 Qb6+
28. Kf1 Rad8 29. f4 Kh8 30. Bc2 Re7 31. Qd3 g5 32. Qf5 Kg8 33. Qd3 Kh8 {
1/2-1/2 Mazzeo,A-Sakai,K/ICCF Email 2002/ICCF Telechess CBM 100}) 19. Qxc6 Nc4
20. Bxc4 bxc4 21. Rhc1 a5 22. Qc5 Qe6 23. bxa5 Rab8 24. Rc2 Rec8 25. Qa7 Qf5
26. Rac1 Rb1 27. e4 dxe4 28. Rxb1 exf3+ 29. Kf1 Qxc2 30. Qb7 Ng4 31. Qb2 Qg6
32. Bg3 c3 33. Qb7 Qc2 {0-1 Mazzeo,A-Mueller,W/ICCF Email 2002/ICCF Telechess
CBM 100}) (13... b5 14. Bc2 c5 $5 15. Ne2 c4 16. O-O a5 17. b3 (17. b4 Nc6 18.
Rab1 axb4 19. axb4 Qe7 20. Bxf6 Qxe3+ $1 21. Qxe3 Rxe3 $36 {0-1 Timman,
J-Hracek,Z/Prague 1995/CBM 049/[Dautov] (33)}) 17... Qd6 $6 (17... Nc6 $5 18.
bxc4 dxc4 {/\Ba6,b4} 19. e4 $2 (19. a4 $2 b4 20. Qxc4 Rxe3 $17) 19... Nxe4 20.
fxe4 Qxh4 $17 {Dautov}) 18. bxc4 bxc4 19. Rab1 Ra7 20. Ng3 g6 21. e4 Qf4 22.
Bxf6 Qxf6 23. e5 Qh4 24. f4 Nc6 25. Rb5 Rd8 26. Rfb1 Rd7 27. Ne2 Qg4 28. Qe3
Ne7 29. Ng3 Rc7 30. Rf1 Qd7 31. f5 Qxb5 32. Qxh6 Nxf5 {1-0 Butterworth,J-Mayes,
S/IECC 2001/Telechess CBM 89}) (13... a5 $5 14. Ne2 Ba6 15. Qd2 Qe7 {1/2-1/2
Schuurman,P-Wells,P/Hoogeveen 2005/EXT 2006}) 14. Bxd8 Nxc3 15. bxc3 Rxd8 16.
Ne2 Ba6 17. Nf4 Bc4 18. g4 b5 19. Bc2 Nd7 20. h4 g6 21. Kf2 Kg7 22. e4 dxe4 23.
fxe4 c5 24. Ke3 Rac8 25. g5 a5 {Black's queenside pawns fully compensate for
White's pawn centre.} 26. Rhg1 h5 27. Rgd1 cxd4+ 28. cxd4 Nb6 29. Rdc1 b4 30.
axb4 axb4 31. Rab1 Ba2 32. Rxb4 Nc4+ 33. Ke2 Rxd4 34. Bd3 Ne5 35. Rxc8 Rxb4 36.
Ke3 Bc4 37. Bc2 Bb3 38. Bd3 Bc4 1/2-1/2

[Event "Moscow-ch op g/5 61st"]
[Site "Moscow"]
[Date "2007.08.26"]
[Round "?"]
[White "Amonatov, Farrukh"]
[Black "Grischuk, Alexander"]
[Result "0-1"]
[WhiteElo "2598"]
[BlackElo "2726"]
[PlyCount "78"]
[EventDate "2007.08.26"]
[EventType "tourn (blitz)"]
[EventRounds "19"]
[EventCountry "RUS"]
[SourceTitle "EXT 2008"]
[Source "ChessBase"]
[SourceDate "2007.11.25"]
[SourceVersion "1"]
[SourceVersionDate "2007.11.25"]
[SourceQuality "1"]

1. e4 d6 2. d4 Nf6 3. Nc3 g6 4. Bg5 Bg7 5. Qd2 h6 6. Bh4 Nbd7 7. f4 e5 8. dxe5
dxe5 9. Nf3 Qe7 10. Nd5 Qc5 11. Bf2 Qd6 12. fxe5 Nxe5 13. O-O-O Nxe4 14. Qe1
Nxf2 15. Nxe5 Bxe5 16. Qxf2 c6 17. Bc4 O-O 18. Nc3 Qb4 19. Bb3 Bxc3 20. bxc3
Qxc3 21. Kb1 Bf5 22. g4 Be4 23. Rhe1 Bd5 24. Rd3 Qb4 25. Red1 a5 26. Rd4 Qb6
27. Qf6 a4 28. Rxd5 axb3 29. axb3 Qa6 30. Rd7 Qa2+ 31. Kc1 Rae8 32. Rxb7 Re2
33. Qc3 Qa6 34. Rc7 Ra8 35. Rxc6 Qa1+ 36. Qxa1 Rxa1+ 37. Kb2 Rxd1 38. b4 Rd4
39. Kb3 Rxg4 0-1

[Event "Moscow-ch op g/5 61st"]
[Site "Moscow"]
[Date "2007.08.26"]
[Round "?"]
[White "Bareev, Evgeny"]
[Black "Grischuk, Alexander"]
[Result "1/2-1/2"]
[WhiteElo "2653"]
[BlackElo "2726"]
[PlyCount "96"]
[EventDate "2007.08.26"]
[EventType "tourn (blitz)"]
[EventRounds "19"]
[EventCountry "RUS"]
[SourceTitle "EXT 2008"]
[Source "ChessBase"]
[SourceDate "2007.11.25"]
[SourceVersion "1"]
[SourceVersionDate "2007.11.25"]
[SourceQuality "1"]

1. d4 Nf6 2. c4 e6 3. Nf3 b6 4. g3 Ba6 5. Qb3 Nc6 6. Nbd2 Na5 7. Qc3 c5 8. dxc5
bxc5 9. e4 Bb7 10. e5 Ne4 11. Nxe4 Bxe4 12. Bg2 Nc6 13. O-O Rb8 14. Re1 Bxf3
15. Qxf3 Nd4 16. Qd3 Be7 17. Rb1 a5 18. Bd2 O-O 19. Be4 g6 20. Qa3 Rb4 21. Bxb4
axb4 22. Qd3 d6 23. exd6 Qxd6 24. a3 Rb8 25. a4 Qa6 26. b3 Rd8 27. Rbd1 Bf6 28.
Qe3 Qa5 29. Kh1 Qc7 30. Rd3 Bg7 31. Red1 Kh8 32. Bg2 e5 33. f4 exf4 34. Qxf4
Qa7 35. Qe4 h5 36. Qb7 Qxb7 37. Bxb7 Rd7 38. Bd5 Re7 39. a5 Ra7 40. Re1 f5 41.
Re8+ Kh7 42. Ra8 Re7 43. a6 g5 44. a7 Re1+ 45. Kg2 Ra1 46. Rh8+ Bxh8 47. a8=Q
Rxa8 48. Bxa8 Kg6 1/2-1/2

[Event "Moscow-ch op g/5 61st"]
[Site "Moscow"]
[Date "2007.08.26"]
[Round "?"]
[White "Grischuk, Alexander"]
[Black "Dvalishvili, Pavel S"]
[Result "1-0"]
[WhiteElo "2726"]
[BlackElo "2472"]
[PlyCount "106"]
[EventDate "2007.08.26"]
[EventType "tourn (blitz)"]
[EventRounds "19"]
[EventCountry "RUS"]
[SourceTitle "EXT 2008"]
[Source "ChessBase"]
[SourceDate "2007.11.25"]
[SourceVersion "1"]
[SourceVersionDate "2007.11.25"]
[SourceQuality "1"]

1. c4 c5 2. Nf3 Nc6 3. d4 cxd4 4. Nxd4 Nf6 5. g3 e6 6. Bg2 Bc5 7. Nb3 Be7 8.
O-O d5 9. cxd5 Nxd5 10. Nc3 Nxc3 11. Qxd8+ Nxd8 12. bxc3 Bd7 13. Na5 Rc8 14.
Nxb7 Nxb7 15. Bxb7 Rxc3 16. Be3 Bc5 17. Bxc5 Rxc5 18. Rfc1 Rxc1+ 19. Rxc1 Ke7
20. Rc3 Rb8 21. Bf3 Kd6 22. Ra3 e5 23. Ra6+ Rb6 24. Rxa7 f5 25. e3 g5 26. h3 f4
27. exf4 gxf4 28. gxf4 exf4 29. Kg2 h6 30. a4 Rb1 31. a5 Bb5 32. Rh7 Ra1 33.
Rxh6+ Kc5 34. Rf6 Rxa5 35. Rf5+ Kb6 36. Rxf4 Ra7 37. h4 Rg7+ 38. Rg4 Rh7 39.
Rg6+ Kc5 40. Rg5+ Kb6 41. h5 Be8 42. Kg3 Kc7 43. Bg4 Kd6 44. f4 Ke7 45. Kh4 Bf7
46. Bf5 Rh8 47. Kg4 Kf6 48. Bg6 Be6+ 49. Kh4 Bd7 50. Rd5 Be6 51. Rd6 Ke7 52.
Rb6 Bd7 53. f5 Bc8 1-0

[Event "Moscow-ch op g/5 61st"]
[Site "Moscow"]
[Date "2007.08.26"]
[Round "?"]
[White "Grischuk, Alexander"]
[Black "Ulko, Jaroslav"]
[Result "1-0"]
[WhiteElo "2726"]
[BlackElo "2482"]
[PlyCount "61"]
[EventDate "2007.08.26"]
[EventType "tourn (blitz)"]
[EventRounds "19"]
[EventCountry "RUS"]
[SourceTitle "EXT 2008"]
[Source "ChessBase"]
[SourceDate "2007.11.25"]
[SourceVersion "1"]
[SourceVersionDate "2007.11.25"]
[SourceQuality "1"]

1. d4 Nf6 2. c4 g6 3. Nc3 Bg7 4. e4 d6 5. Be2 O-O 6. Bg5 c5 7. d5 h6 8. Bf4 e6
9. dxe6 Bxe6 10. Qd2 Qb6 11. Bxh6 Bxh6 12. Qxh6 Qxb2 13. Rc1 Nc6 14. h4 Nh7 15.
Nf3 Ne5 16. Nxe5 dxe5 17. Qe3 Rad8 18. h5 g5 19. O-O b6 20. Rfd1 Rd4 21. Nb5
Rxd1+ 22. Rxd1 Qxa2 23. Rd2 Qa1+ 24. Kh2 Qc1 25. Nc7 Bxc4 26. Bxc4 Qxc4 27. Nd5
Re8 28. Qf3 Re6 29. Ne3 Qc1 30. Rd8+ Nf8 31. Qf5 1-0

[Event "Moscow-ch op g/5 61st"]
[Site "Moscow"]
[Date "2007.08.26"]
[Round "?"]
[White "Nepomniachtchi, Ian"]
[Black "Grischuk, Alexander"]
[Result "0-1"]
[WhiteElo "2613"]
[BlackElo "2726"]
[PlyCount "108"]
[EventDate "2007.08.26"]
[EventType "tourn (blitz)"]
[EventRounds "19"]
[EventCountry "RUS"]
[SourceTitle "EXT 2008"]
[Source "ChessBase"]
[SourceDate "2007.11.25"]
[SourceVersion "1"]
[SourceVersionDate "2007.11.25"]
[SourceQuality "1"]

1. e4 d6 2. d4 Nf6 3. Nc3 g6 4. h3 Bg7 5. Nge2 c6 6. a4 e5 7. g3 exd4 8. Nxd4
O-O 9. Bg2 Na6 10. O-O Re8 11. Re1 Nb4 12. Bf4 d5 13. exd5 Rxe1+ 14. Qxe1 c5
15. Ndb5 Nxc2 16. Qd1 Nxa1 17. Nc7 Rb8 18. Qxa1 Bd7 19. N7b5 Ra8 20. Nd6 b6 21.
Nc4 a6 22. Be5 b5 23. Ne3 b4 24. Ne2 Rc8 25. b3 Ne8 26. Nc4 Bf5 27. Bxg7 Nxg7
28. Nf4 Ne8 29. Qe5 Qf6 30. Qe3 Nd6 31. Nb6 Rc7 32. Qe2 c4 33. bxc4 b3 34. Nd3
Nxc4 35. d6 Qxd6 36. Nd5 Bxd3 37. Qxd3 b2 38. Kh2 Rc5 39. Qd4 b1=Q 40. Nf6+ Kh8
41. Nd5+ f6 42. h4 Qf5 43. Qc3 Rxd5 44. Qxc4 Rd2 45. Qf7 Qd8 46. h5 Qxf2 47.
Qb7 Qxg2+ 48. Qxg2 Rxg2+ 49. Kxg2 gxh5 50. Kh3 Qd4 51. Kh2 h4 52. g4 Qxg4 53.
a5 h3 54. Kh1 Qg2# 0-1

[Event "World-ch Tournament"]
[Site "Mexico City"]
[Date "2007.09.13"]
[Round "1"]
[White "Grischuk, Alexander"]
[Black "Leko, Peter"]
[Result "1/2-1/2"]
[WhiteElo "2726"]
[BlackElo "2751"]
[Annotator "Marin,M"]
[PlyCount "55"]
[EventDate "2007.09.13"]
[EventType "tourn"]
[EventRounds "14"]
[EventCountry "MEX"]
[EventCategory "21"]
[SourceTitle "CBM 120"]
[Source "ChessBase"]
[SourceDate "2007.10.02"]
[SourceVersion "1"]
[SourceVersionDate "2007.10.02"]
[SourceQuality "1"]

1. e4 e5 2. Nf3 Nc6 3. Bb5 a6 4. Ba4 Nf6 5. O-O Be7 6. Re1 b5 7. Bb3 O-O 8. h3
Bb7 9. d3 d6 10. a3 {White advances this pawn to a3 and just two moves later
he moves it again. Weiß rückt seinen Bauern nach a3, und nur zwei Züge später
bewegt er ihn schon wieder.} ({This might seem a loss of time, but Dies mag
wie ein Zeitverlust wirken, aber} 10. a4 {is considered inoffensive because of
gilt als harmlos wegen} Na5 11. Ba2 c5) 10... Qd7 11. Nc3 Rfe8 12. a4 {Anyway,
if the game was played during the pre-computer era, I would have thought that
there must be a misprint in the newspaper. Wie dem auch sei, wenn die Partie
während der Prä-Computerära gespielt worden wäre, hätte ich gedacht, es müßte
ein Druckfehler in der Zeitung sein.} (12. Ng5 Nd8 13. f4 exf4 14. Bxf4 h6 15.
Nf3 Ne6 16. Bh2 c5 {Black has satisfactory control over the centre and a
harmonious placement of his pieces. In the next phase of the game he will
carry out an interesting regrouping. Schwarz hat befriedigende Kontrolle über
das Zentrum und eine harmonische Figurenaufstellung. In der nächsten Phase der
Partie wird er eine interessante Umgruppierung vornehmen.} 17. Qd2 Bd8 18. Kh1
Ba5 19. Ba2 Qd8 $5 {Preparing the activation of the queen on the dark squares,
on either wing. Bereitet die Aktivierung der Dame auf den dunklen Feldern vor,
auf einem der beiden Flügel.} (19... c4 $5) 20. Rab1 {Everything looks ready
now for Alles scheint jetzt bereit für} c4 $36 {Lutz,C (2596)-Jenni,F (2503)/
Mallorca 2004/CBM 104 (1/2-1/2, 59)}) (12. Nd5 Nxd5 13. exd5 (13. Bxd5 Nd8 14.
Bxb7 Nxb7 15. d4 exd4 16. Qxd4 Rad8 17. Bg5 Nc5 $132 {Sammalvuo,T (2441)
-Gustafsson,J (2614)/Gothenburg 2005/CBM 109 (0-1, 57)}) 13... Nd4 14. Nxd4
exd4 15. a4 Bf6 {Svidler,P (2743)-Kamsky,G (2671)/Sofia 2006 (1/2-1/2, 33).
This is the kind of position that looks slightly more pleasant for White, but
which does not present real danger for Black. Dies ist die Art von Stellung,
die etwas angenehmer für Weiß aussieht, aber keine reale Gefahr für Schwarz
darstellt.}) (12. Ne2 Nd8 13. Ng3 Ne6 {1/2-1/2 Shirov,A (2699)-Adams,M (2734)/
Elista 2007/CBM 119/[Marin,M] (75)}) 12... b4 13. Ne2 d5 {Strategically, this
is a double-edged decision. Black wins space in the centre, but leaves the
c4-square chronically weak. Strategisch gesehen ist dies eine zweischneidige
Entscheidung. Schwarz gewinnt Raum im Zentrum, schafft aber eine chronische
Felderschwäche auf c4.} 14. exd5 Nxd5 15. Ng3 Bf8 {Black has regrouped just in
time to defend his central pawn without the necessity of weakening his
kingside with ...f6. Schwarz hat sich gerade rechtzeitig umgruppiert, dass er
seinen Zentrumsbauern decken kann, ohne sich am Königsflügel mit ...f6
schwächen zu müssen.} 16. a5 {An important decision. White did not want to
live with the permanent threat of ...Na5 (and if Ba2, then ...b3!?). On the
other hand, the a5-pawn is cut off from his brothers and could become weak in
certain cases, but this also applies to the black a6-pawn. Eine wichtige
Entscheidung. Weiß wollte nicht mit der permanenten Drohung ...Sa5 leben (und
falls Ba2, so ...b3!?). Andererseits ist der a5-Bauer von seinen Kollegen
abgeschnitten und könnte in gewissen Fällen schwach werden, dass gilt
allerdings auch für seinen schwarzen Gegenüber auf a6.} Nd4 17. Nxd4 (17. Nxe5
Qd6 18. Nc4 Rxe1+ 19. Qxe1 Qg6 20. Ba4 b3 {Leko}) 17... exd4 {Suddenly, it
appears that Black is better developed. White's defensive resources rely on
his solid position and his stability on the light squares. Plötzlich wird klar,
dass Schwarz besser entwickelt ist. Die Defensivressourcen des Anziehenden
fußen auf seiner soliden Position und seiner Stabilität auf den weißen Feldern.
} 18. Bd2 Nf6 19. Rxe8 Rxe8 20. Bg5 Qc6 21. Qf1 Qd6 {Believe it or not, this
is the first new move of the game. The point behind this apparent loss of time
(less difficult to understand than a3-a4) is to prevent the enemy queen from
developing naturally to d2. Kaum zu glauben, dies ist der erste neue Zug der
Partie. Die Pointe dieses scheinbaren Zeitverlustes (weniger schwierig zu
verstehen als a3-a4) ist, die feindliche Dame daran zu hindern, sich natürlich
nach d2 zu entwickeln.} (21... Nd7 22. Ba4 Qd6 23. Ne4 Bxe4 24. dxe4 Re6 25.
Bd2 $13 {Karjakin,S (2686)-Onischuk,A (2663)/Foros 2007/CBM 119 (1/2-1/2, 38)})
22. Re1 {However, the tempo offered to White proves useful. He can simplify
the position further, neutralizing Black's lead in development. Doch das
dargebotene Tempo erweist sich als nützlich für Weiß. Er kann die Stellung
weiter vereinfachen und den schwarzen Entwicklungsvorsprung neutralisieren.}
Re5 {A typical method of fighting for the control of the only open file.} 23.
Rxe5 Qxe5 24. Bxf6 Qxf6 25. Qe2 g6 26. Qg4 Bd6 27. Ne4 {The position seems to
have changed in White's favour. All his pieces are more active than their
rivals. Die Stellung scheint sich zugunsten von Weiß gewandelt zu haben. Alle
seine Figuren sind aktivere als ihre Rivalen.} Qf4 $1 {The simplest way to
avoid any kind of trouble. Der einfachste Weg, jegliche Schwierigkeiten zu
vermeiden.} 28. Qxf4 {At first glance, White's decision to offer a draw looks
premature. Auf den ersten Blick wirkt die Entscheidung von Weiß, remis
anzubieten, verfrüht.} ({After Nach} 28. Qxf4 Bxf4 29. Nc5 Bc8 30. Bc4 {
Black loses a pawn. However, after verliert Schwarz nämlich einen Bauern. Aber
nach} Bd6 31. Bxa6 (31. Nxa6 {offers Black a choice between lässt Schwarz die
Wahl zwischen} Bxa6 32. Bxa6 b3 33. cxb3 Bb4 {with a dead draw and 31...c5,
trying to trap the knight. mit totem Remis sowie 31...c5, um zu versuchen, den
Springer zu fangen.}) 31... Bxa6 ({Black can obtain an opposite coloured
bishops ending with Schwarz kann ein ungleichfarbiges Läuferendspiel erreichen
mit} 31... Bxc5 32. Bxc8 {, but the structure is complex and the a-pawn rather
advanced. It is not easy to be 100% sure this is a draw. , aber die Struktur
ist komplex und der a-Bauer ziemlich weit vorgerückt. Man kann nicht zu 100%
sicher sein, dass dies remis ist.}) 32. Nxa6 c5 {the knight is trapped. ist
der Springer gefangen.}) 1/2-1/2